Constitucionario : por una nueva constitución

Detalles Bibliográficos
Autor Corporativo: Chile. Ministerio de Educación
Otros Autores: Montt, Alberto (ilustrador)
Formato: Libro electronico
Lenguaje:español
Acceso en línea:Acceso electrónico al documento

MARC

LEADER 00000nam a22000007a 4500
003 UAHC
005 20251002200313.0
008 251002s2015 cl ||||| |||| 00| 0 spa d
035 |a CENTRAL 
040 |a UAHC_CL  |c UAHC_CL  |d UAHC_CL 
110 |a Chile.  |b Ministerio de Educación  |9 1825 
245 |a Constitucionario :  |b por una nueva constitución  |c Ministerio de Educación. 
264 |a Santiago, Chile:  |b Ministerio de Educación  |c 2015. 
300 |a 37 páginas. 
500 |a Sitio visitado https://bibliotecadigital.mineduc.cl/bitstream/handle/20.500.12365/17436/constitucionario.pdf?sequence=1&isAllowed=y el 2 de octubre de 2025. 
700 |a Montt, Alberto  |9 13013  |e ilustrador 
856 |y Acceso electrónico al documento  |u https://bibliotecadigital.mineduc.cl/bitstream/handle/20.500.12365/17436/constitucionario.pdf?sequence=1&isAllowed=y 
942 |c LE  |2 ddc 
952 |0 0  |1 0  |2 ddc  |4 0  |6 RECURSO_ELECTRÓNICO  |7 0  |8 COMP  |9 101348  |a BR  |b BR  |c Digital  |d 2025-10-02  |l 0  |o Recurso electrónico  |r 2025-10-02 20:01:34  |w 2025-10-02  |y LE  |B PBAS 
999 |c 63067  |d 63067